00278 a2200133 450000100060000002000180000604000220002410000170004624000230006324500180008630000080010436200090011265000230012162447 a9788577230075 cAnchieta - Pituba aEco,Umberto.10aTrês contoslpor10aTrês contos a1100 a2007 4aLiteratura juvenil